000 00541nam a2200217 a 4500
999 _c4725
_d4725
001 4725
003 BD-JhCC
005 20171210121105.0
008 171130s1965 bg ||||| ||a| 001 0 eng d
035 _a(BD-JhCC)4725
040 _aBD-JhCC
_dBD-JhCC
041 _aeng
082 _a910.3
_bMOO 1965
100 _aMoore, W. G.
245 _aA Dictionary Of Geography /
_cW. G. Moore
260 _aAustralia
_bPenguin Books Ltd
_c1965
300 _a190 p. :
_c18 cm.
650 _aGeograply
_xDictionary
942 _2ddc
_cBK